All U.S. States and Territories Quiz - Statistics

General Stats
  • This quiz has been taken 430 times
  • The average score is 48 of 67
Answer Stats
Type Answer % Correct
Federal District District of Columbia
93%
Inhabited Territory Puerto Rico
91%
State Washington
88%
State California
87%
State Alabama
86%
State Alaska
86%
State Hawaii
85%
State Arkansas
84%
State North Dakota
84%
State Maine
83%
State New York
83%
State South Dakota
83%
State Arizona
82%
State Georgia
82%
State New Mexico
82%
State Texas
82%
State Colorado
81%
Inhabited Territory Guam
81%
State Kentucky
81%
State Massachusetts
81%
State Michigan
81%
State Oregon
81%
State Florida
80%
State Idaho
80%
State Indiana
80%
State Kansas
80%
State Mississippi
80%
State Montana
80%
State New Hampshire
80%
State North Carolina
80%
State South Carolina
80%
State Connecticut
79%
State Tennessee
79%
State Vermont
79%
State Illinois
78%
State Louisiana
78%
State Minnesota
78%
State Nevada
78%
State New Jersey
78%
State Ohio
78%
State Rhode Island
78%
Inhabited Territory U.S. Virgin Islands
78%
State Virginia
78%
State Wyoming
78%
State Delaware
77%
State Iowa
77%
State Maryland
77%
State Missouri
77%
State West Virginia
77%
State Oklahoma
76%
State Pennsylvania
76%
State Utah
74%
State Nebraska
73%
State Wisconsin
73%
Inhabited Territory American Samoa
71%
Inhabited Territory Northern Mariana Islands
62%
Uninhabited Territory Midway Atoll
37%
Uninhabited Territory Wake Island
30%
Uninhabited Territory Baker Island
29%
Uninhabited Territory Johnston Atoll
28%
Uninhabited Territory Navassa Island
27%
Uninhabited Territory Howland Island
26%
Uninhabited Territory Palmyra Atoll
26%
Uninhabited Territory Kingman Reef
25%
Uninhabited Territory Jarvis Island
24%
Disputed Territory Petrel Islands *administered by Colombia; also claimed by Jamaica & Nicaragua
15%
Disputed Territory Serranilla Bank *administered by Colombia; also claimed by Honduras & Nicaragua
13%
No matching quizzes found
Score Distribution
Percent of People with Each Score
Percentile by Number Answered
Your Score History
You have not taken this quiz